|
|
|
|
| LEADER |
00000nab a2200000 a 4500 |
| 001 |
vtls010447672 |
| 003 |
SK-MaSNL |
| 005 |
20260303093303.0 |
| 008 |
131021 2011 xo 000 0 slo |
| 015 |
|
|
|a SNBRB2012/07
|
| 038 |
|
|
|a SNKBUCL
|
| 040 |
|
|
|a SNKBUCL
|b slo
|e AACR2
|
| 041 |
0 |
|
|a slo
|
| 044 |
|
|
|a xo
|c SK
|
| 080 |
|
|
|a 08/09:004
|2 2001
|
| 080 |
|
|
|a 004.738.5:004.659
|2 2001
|
| 100 |
1 |
|
|a Judinyová-Babirátová, Jana,
|d 1957-
|4 aut
|9 194971
|
| 245 |
1 |
0 |
|a Zrod novej vednej oblasti
|c Jana Judinyová-Babirátová
|
| 650 |
0 |
7 |
|a Google
|2 snkbucl
|9 316449
|
| 650 |
0 |
7 |
|a knihy
|2 snkbucl
|9 19731
|
| 650 |
0 |
7 |
|a digitalizácia
|2 snkbucl
|9 19296
|
| 650 |
0 |
7 |
|a kulturomiks
|2 snkbucl
|9 153047
|
| 773 |
0 |
|
|t Slovenské pohľady
|g Roč. IV.+127, č. 3 (2011), s. 154-155
|x 1335-7786
|
| 958 |
|
|
|a LX
|
| 999 |
|
|
|c 1814932
|d 1816862
|